Stress for success : thriving on stress at work

Bibliographic Details
Main Author: Hanson, Peter G
Format: Book
Published: Toronto : Collins Pub , 1989
Subjects:

MARC

LEADER 00000cam a2200000 7i4500
001 0000002299
002 000002503
005 20000330.0
020 |a 0002159686 
090 0 0 |a 615.5   |b HAN 
100 1 |a Hanson, Peter G 
245 1 0 |a Stress for success :   |b thriving on stress at work   |c Peter G. Hanson 
260 |a Toronto :   |b Collins Pub ,   |c 1989 
300 |a 301 p. :   |b ill. ;   |c 22 cm. 
650 0 0 |a Industries hygiene 
650 0 0 |a Job stress 
650 0 0 |a Stress management 
999 |a 035758   |b BUKU   |c PINJAMAN   |e PERPUSTAKAAN KOMUNITI PETALING JAYA 
999 |a 035759   |b BUKU   |c PINJAMAN   |e PERPUSTAKAAN KOMUNITI PETALING JAYA